Регионална библиотека "Любен Каравелов" - Русе

Захарното цвекло у нас (Запис номер 167577)

MARC детайли
000 -Лидер
Контролно поле с фиксирана дължина 01640nam a2200373 c 4500
003 - Код на организацията, давaща контролен номер
Контролно поле BLK
005 - Дата и час на последна редакция
Контролно поле 20180422114209.0
008 - Елементи от данни с фиксирана дължина
fixed length control field 180411b bul|||||r ||||||| ||bul||
010 ## - Наследен системен номер
LC control number KNG00175389000
040 ## - Източник на каталожния запис
Идентификатор на билиотеката - собственик на записа BLK
041 ## - Код за език
Код за езика на текст/звукозапис или на отделно заглавие Български
Код за езика КДБФ Български
072 #7 - Код за тематичната категория
Код организация bullib
Код за тематична категория К
Текст Краезнание
080 ## - УДК
Текстов определител УДК Захарни и скорбелени растения - Захарно цвекло,захарна тръстика,маниока и др. Вж и 633.4
УДК код - определител по УДК 633.6
УДК определител
УДК - код + определител 633.6
100 1# - Редна дума - Автор
Автор Иванов, Иван
Авторска отговорност първи автор
R(LIN) 363769
139 ## - Редно поле
Редна дума Иванов, Иван
Авторски знак Иванов - И 21
245 10 - Сведения за заглавието
Заглавие Захарното цвекло у нас
Подзаглавни данни Причини за ниските доходи и как могат те да се отстранят
Редно поле (дума) Иван Иванов; * Иван Иванов Деблев.
257 ## - Страна на издаване
Страна на създаване/издаване България
260 ## - Област на издателските данни
-- София
Име на издателя, разпространителя и проч. Бълг. землед. д-во
Година на издаване 1922
Печатница София : Франклин
300 ## - Физическа характеристика
Страници 100 с.
Размери/Мащаб 24 см
380 ## - Жанр
Жанр Селско стопанство
490 1# - СЕРИИ (Колекции)
Име на серия Българско земледелско дружество. Научни трудове
№: серия № 6
500 ## - Общи забележки
Забележка Пълното име на авт. е Иван Иванов Деблев.
650 #4 - Допълнително описание по предмет – тема
Основно описание – тема или топоним Полевъдство
9 (RLIN) 166795
651 #4 - Допълнително описание по предмет - топоним
Географско понятие България
9 (RLIN) 241624
653 ## - Ключова дума – ненормативна
Ключова дума захарно цвекло
653 ## - Ключова дума – ненормативна
Ключова дума отглеждане
659 ## - Тематичен бюлетин
Тематичен бюлетин К
700 1# - Други автори (авторска отговорност)
Лично име Деблев, Иван Иванов
Автороска отговорност (Описва отношението между автора и произведението) *
9 (RLIN) 59214
852 ## - Местоположение
Форматна сигнатура Цб 45931
856 4# - Електронен адрес и достъп
Електронен формат pdf - файл
Път до файла /url/
856 4# - Електронен адрес и достъп
Електронен формат pdf - файл
Път до файла /url/
942 ## - АРТИКУЛИ
Вид на библиотечния материал Книги
Скрит в OPAC Не
944 ## - СЪЗДАВАНЕ И РЕДАКЦИЯ на ЗАПИСА
Създаване/Редакция Създаване
Дата на регистрацията/редакция 15.05.2015
Статус, дата на статуса 15.05.2015 - от С1,Р / 15.05.2015
Служител, извършил регистрацията/редакцията Валя_Йорданова
944 ## - СЪЗДАВАНЕ И РЕДАКЦИЯ на ЗАПИСА
Създаване/Редакция Редакция
Дата на регистрацията/редакция 15.05.2015
Статус, дата на статуса 15.05.2015 - от С1,Р / 15.05.2015
Служител, извършил регистрацията/редакцията
999 ## - СИСТЕМНИ КОНТРОЛНИ НОМЕРА
Koha biblionumber 167577
Koha biblioitemnumber 167577
Наличности
Код за отписване Код за изгубен артикул Източник на класификационната схема Код за повреда Коз за рестрикции Код за отдаване Артикулен № Име на библиотеката - собственик Име на библиотеката, в която се намира в момента Статус (Текущо местоположение) Дата на вписване в системата Местоположение - отдел Цена в лева Инвентарен номер Систематично азбучна сигнатура Баркод Номер на екземпляра Цена в евро Служебна бележка Служебен тип на артикула
  Не е изгубен Universal Decimal Classification Не е повреден без рестрикции ползва се в читалня 282325 Регионална библиотека "Любен Каравелов" Русе Регионална библиотека "Любен Каравелов" Русе Краезнание 1922-01-01 Краезнание 0.25 18590/68 К 63/И 21 И 900000003559 1 0.13 N: Сф Дата: 01.01.1922 Дата инв: 10.11.2017 Бележки инв: К2017 Книги
Vip Innovations Ltd, Rousse, Bulgaria 2025